01564nam a2200313 a 450000100060000000300080000600500170001400800410003103500190007204000250009104100080011608200250012410000540014924500750020325000160027826000370029430000180033150000180034950400290036750501680039665000360056470000470060094200120064799900170065995201430067695201430081995201440096295201440110645587BD-RjUL20211209054034.0160727s1961 u b 001 0 eng  a(BD-RjUL)45705 aLCbengcLCdBD-RjUL aeng04a341.11223bPEI 19611 aPeaslee, Amos J.q(Amos Jenkins),d1887-,913955710aInternational governmental organizations:bconstitutional documents. / aRev. 2d ed. aThe Hague :bM. Nijhoff,cc1961  a2 v. c25 cm. aInclude index aIncludes bibliographies.0 av. 1. African Postal Union to Intergovernmental Maritime Consultative Organization.--v. 2. International Atomic Energy Agency to World Meteorological Organization. 0aInternational agencies.91297051 aXydis, Dorothy Peaslee,ejoint ed.9139558 2ddccBK c45587d45587 00102ddc40708NFICaRUCLbRUCLcStackd1968-08-26eZeitlingerg192.00l0o341.11 PEI V-2 1961r2016-07-27 00:00:00tC-2w2016-07-27yBK 00102ddc40708NFICaRUCLbRUCLcStackd1968-08-26eZeitlingerg192.00l0o341.11 PEI V-1 1961r2016-07-27 00:00:00tC-2w2021-12-09yBK 00102ddc40708NFICaRUCLbRUCLcStackd1968-08-26eZeithlingerg192.00l0o341.11 PEI V-1 1961r2016-07-27 00:00:00tC-3w2016-07-27yBK 00102ddc40708NFICaRUCLbRUCLcStackd1968-08-26eZeithlingerg192.00l0o341.11 PEI V-2 1961r2016-07-27 00:00:00tC-3w2016-07-27yBK